000 00758cam a2200241 4500
001 ABS65233
008 020327n2002 000 0 eng u
035 _a(Sirsi) u117251
245 _aRegional survey: Dublin, Belfast and Londonderry
260 _c2002
490 _aProperty Week
_v67(10) 15 March 2002, 43-70(13)
590 _aABS
650 _aDUBLIN
650 _aBELFAST
650 _aLONDONDERRY
650 _aNORTHERN IRELAND
650 _aPROPERTY-COMMERCIAL PROPERTY-OFFICE PROPERTY-OFFICE PROPERTY MARKET
650 _aPROPERTY-COMMERCIAL PROPERTY-RETAIL PROPERTY-RETAIL PROPERTY MARKET
650 _aINVESTMENT
650 _aRESIDENTIAL MARKET
690 _aPROPERTY-COMMERCIAL PROPERTY-COMMERCIAL PROPERTY MARKET
942 _n0
999 _c69849
_d69849